000 00406nam a2200157Ia 4500
008 131103s9999 xx 000 0 und d
040 _aLoreto College
041 _aEnglish
082 _a891.441/DAS
_bLCLIB/BnSem/11986
100 _aDas, Jibananda
245 _aShrestha kabita
_cJibananda Das
260 _aCalcutta
_bNavana
_c1963
300 _a157p
_c 22cm
650 _aBengali Poetry
942 _cBK
999 _c19931
_d70410